A new history of music: the middle ages to Mozart

محفوظ في:
التفاصيل البيبلوغرافية
المؤلف الرئيسي: Pruniéres, Henry (مؤلف)
التنسيق: كتاب
اللغة:الإنجليزية
منشور في: Nueva York Macmillan 1943
الموضوعات:
الوسوم: إضافة وسم
لا توجد وسوم, كن أول من يضع وسما على هذه التسجيلة!

MARC

LEADER 00000nam a2200000 a 4500
001 UCN2433
003 CL-VaPUC
005 20240703121920.0
008 010518e19430000US |||||||||||||||||eng|d
999 |c 295534  |d 295532 
040 |c Pontificia Universidad Católica de Valparaíso 
082 0 4 |a 780.9  |b PRU  |2 21 
100 0 |a Pruniéres, Henry  |e author  |9 458299 
245 1 2 |a A new history of music: the middle ages to Mozart 
260 |a Nueva York  |b Macmillan  |c 1943 
300 |a 413 p 
583 |a last modification  |c 20010518 00:00:00  |k Rodrigo Vera 
650 0 |a Historia de la música  |2 CL-VaPUC  |9 306741 
650 0 |a Música medieval  |9 391244 
650 0 |a Canto gregoriano  |9 332477 
650 0 |a Ars antiqua  |9 456907 
650 0 |a Ars nova  |9 458296 
650 0 |a Música renacentista  |9 391249 
650 0 |a Clasicismo en la música  |2 CL-VaPUC  |9 458291 
942 |c BK  |2 ddc 
945 |d 20010518 00:00:00  |a crobeson 
952 |0 0  |1 0  |4 0  |6 780_900000000000000_PRU_1943  |7 0  |8 F  |9 348768  |a BIBEDU  |b BIBEDU  |d 2019-11-20  |i 1183583  |o 780.9 PRU 1943  |p 1183583  |r 2023-01-12  |w 2019-11-20  |y BK_F  |k MUS